000 02429cam a2200325 a 4500
001 105
003 BR-CuiBMT
005 20231113220101.0
008 230815s2022 mgba 000 0 por d
020 _a9788577001507 (v. 1)
020 _a9788545000303 (v. 2)
020 _a9786555184068 (v. 6)
040 _aBR-CuiBMT
_cBR-CuiBMT
080 _22007
_a352:34
090 _a352:34
_bD598
245 1 0 _aDireito municipal em debate /
_c[coordenadores-gerais: Eduardo de Souza Floriano, Taisa Cintra Dosso] ; [autores: Andrea Techmann Vizzotto ... et al.].
260 _aBelo Horizonte :
_bFórum,
_c2008-2023.
300 _a7 v. :
_bil. ;
_c22 cm
500 _aVários autores.
504 _aInclui bibliografia.
505 0 _aConteúdo completo: v. 1. Direito municipal em debate / Arlindo Daibert ... [et al.] (organizadores) ; prefácio Ricardo César Pereira Lira ; [autores Andrea Teichmann Vizzotto ... et al.] -- v. 2. Direito municipal em debate / Cristiane da Costa Nery, Geórgia Teixeira Jezler Campello, coordenadoras ; Odete Medauar, prefácio ; [autores Ana Luísa Soares de Carvalho ... et al.] -- v. 3. Direito municipal em debate / Bruno Santos Cunha, Cristiane da Costa Nery, Geórgia Teixeira Jezler Campello, coordenadores ; prefácio Carlos Ari Sundfeld ; [autores Eduardo Amin Menezes Hassan ... et al.] -- v. 4. Direito municipal em debate / Eduardo de Souza Floriano, coordenador ; prefácio Cristiano Reis Giuliani ; [autores Thiago Queiroz Carneiro ... et al.] -- v. 5. Direito municipal em debate / Eduardo de Souza Floriano, coordenador-geral ; Bruno Santos Cunha, Gustavo Machado Tavares, coordenadores -- v. 6. Direito municipal em debate / Taisa Cintra Dosso, coordenadora-geral ; Gustavo Machado Tavares, Thiago Viola Pereira da Silva coordenadores ; prefácio Irene Patrícia Nohara ; [autores Alexsandro Rahbani Aragão Feijó ... et al.] -- v. 7. Direito municipal em debate / Taisa Cintra Dosso, Gustavo Machado Tavares, Thiago Viola Pereira da Silva, coordenadores ; prefácio Gustavo Justino de Oliveira.
590 _8A biblioteca possui apenas os volumes 1, 2 e 6.
650 _aDireito municipal
650 _aAdministração pública
_xMunicípios
_xAspectos jurídicos
650 _aDireito público
_zBrasil
700 1 _aDosso, Taisa Cintra
_4coord.
700 1 _aFloriano, Eduardo de Souza
_4coord.
700 1 _aVizzotto, Andrea Techmann
_eet al.
_eautores
942 _2udc
_cLV
999 _c105
_d105